000 00967nam a2200181Ia 4500
008 151018s9999 xx 000 0 und d
082 _bRBASDV6264
_a891.464
100 _aश्री दा सातवळेकर
245 _aपुरुषार्थ ऑक्टोंबर ते डिसेंबर १९६४ व फेब्रवारी ते मे १९६५
250 _b1
260 _bसातवळेकर श्री दा
_c1964
300 _a643
600 _aश्री दा सातवळेकर
630 _aपुरुषार्थ ऑक्टोंबर ते डिसेंबर १९६४ व फेब्रवारी ते मे १९६५
700 _aश्री दा सातवळेकर
730 _aपुरुषार्थ ऑक्टोंबर ते डिसेंबर १९६४ व फेब्रवारी ते मे १९६५
942 _cBOOK
999 _c1008642
_d1008639